CO TO ZA SPORT ? EASY - Statystyki

Ogólne statystyki
  • Ten quiz został rozwiązany 2 101 razy
  • Średni wynik to 8 z 10
Statystyki odpowiedzi
Obrazkowy Odpowiedź % Poprawnych
Hokej
99%
Koszykówka
95%
Piłka Nożna
95%
Siatkówka
93%
Boks
92%
Rzut Oszczepem
77%
Skoki narciarskie
72%
Ping Pong
71%
Żużel
71%
Rzut młotem
30%
Nie znaleziono quizów pasujących do podanych kryteriów
Rozkład punktacji
Procent ludzi z każdym wynikiem
Percentyl według liczby udzielonych odpowiedzi
Twoja historia wyników
Nie rozwiązałeś tego quizu